[Event "Wch U20 53rd"]
[Site "Pune"]
[Date "2014.10.19"]
[Round "13"]
[White "Mohammad, Ashraf"]
[Black "Blazeka, Matej"]
[Result "1-0"]
[WhiteElo "2132"]
[BlackElo "2311"]
[PlyCount "80"]
[EventDate "2014.10.06"]
[EventType "swiss"]
[EventRounds "13"]
[EventCountry "IND"]
[SourceTitle "EXT 2015"]
[Source "ChessBase"]
[SourceDate "2014.11.20"]
[SourceVersion "1"]
[SourceVersionDate "2014.11.20"]
[SourceQuality "1"]

1. d4 d5 2. c4 c6 3. Nf3 Nf6 4. e3 e6 5. b3 c5 6. Bd3 dxc4 7. bxc4 Nc6 8. Bb2 cxd4 9. exd4 Bb4+ 10. Nbd2 Qa5 11. 0-0 Bxd2 12. Nxd2 0-0 13. Re1 Ne7 14. d5 Ng6 15. Ne4 Nxe4 16. Bxe4 Qb4 17. Qc1 Re8 18. Ba3 Qa5 19. d6 Rb8 20. Rb1 Qa6 21. c5 Bd7 22. Qc3 Nf4 23. Qf3 Nd5 24. Bb2 Qa5 25. Qg3 f6 26. Bxd5 exd5 27. Re7 g6 28. h3 Qxa2 29. Qd3 Bf5 30. Qd4 Qxb1+ 31. Kh2 Rxe7 32. dxe7 Qe4 33. Qxf6 d4 34. Bxd4 Qf4+ 35. Kg1 Qc1+ 36. Kh2 Qf4+ 37. g3 Qh6 38. h4 Rc8 39. Be5 Rf8 40. Qd6 Re8 1-0

[Event "Wch U20 53rd"]
[Site "Pune"]
[Date "2014.10.18"]
[Round "12"]
[White "Puranik, Abhimanyu Sameer"]
[Black "Mohammad, Ashraf"]
[Result "1-0"]
[WhiteElo "2287"]
[BlackElo "2132"]
[PlyCount "111"]
[EventDate "2014.10.06"]
[EventType "swiss"]
[EventRounds "13"]
[EventCountry "IND"]
[SourceTitle "EXT 2015"]
[Source "ChessBase"]
[SourceDate "2014.11.20"]
[SourceVersion "1"]
[SourceVersionDate "2014.11.20"]
[SourceQuality "1"]

1. e4 c5 2. Nf3 d6 3. d4 cxd4 4. Nxd4 Nf6 5. Nc3 a6 6. f4 Nbd7 7. a4 g6 8. Nf3 Qa5 9. Bd3 Bg7 10. 0-0 0-0 11. Kh1 Nc5 12. Qe2 Nxd3 13. Qxd3 Be6 14. Nd4 Bd7 15. Bd2 Qc5 16. Be3 Qc7 17. Rae1 Rad8 18. f5 e5 19. fxe6 fxe6 20. Nf3 Ng4 21. Bg5 Rde8 22. h3 Ne5 23. Nxe5 Bxe5 24. Bh6 Rxf1+ 25. Rxf1 Bc6 26. b3 Qd7 27. Nd5 Qd8 28. Ne3 Qe7 29. Ng4 Bh8 30. Qf3 Bg7 31. Bxg7 Kxg7 32. Qe3 Rf8 33. Rd1 e5 34. c4 Rf4 35. Kh2 g5 36. c5 dxc5 37. Nf2 h5 38. g3 Rf8 39. Nd3 g4 40. hxg4 hxg4 41. Qe2 Qg5 42. Nxc5 Qg6 43. Kg1 Rf3 44. Rd3 b6 45. Nd7 Bxe4 46. Re3 Bd5 47. Rxf3 Bxf3 48. Qxe5+ Kg8 49. Qb8+ Kg7 50. Qf8+ Kh7 51. Nf6+ Qxf6 52. Qxf6 b5 53. Qxa6 bxa4 54. bxa4 Kg7 55. Qb6 Kf7 56. Kf2 1-0

[Event "Wch U20 53rd"]
[Site "Pune"]
[Date "2014.10.12"]
[Round "7"]
[White "Mohammad, Ashraf"]
[Black "Borisenko, Viacheslav"]
[Result "1-0"]
[WhiteElo "2132"]
[BlackElo "2316"]
[PlyCount "117"]
[EventDate "2014.10.06"]
[EventType "swiss"]
[EventRounds "13"]
[EventCountry "IND"]
[SourceTitle "EXT 2015"]
[Source "ChessBase"]
[SourceDate "2014.11.20"]
[SourceVersion "1"]
[SourceVersionDate "2014.11.20"]
[SourceQuality "1"]

1. d4 Nf6 2. c4 e6 3. g3 d5 4. Nf3 Be7 5. Bg2 0-0 6. 0-0 b6 7. Nc3 Bb7 8. Ne5 Nbd7 9. Qa4 c6 10. Rd1 Qc7 11. Bf4 Bd6 12. Nxd7 Qxd7 13. Be5 Rfd8 14. Rac1 Ne8 15. e4 Nc7 16. Bxd6 Qxd6 17. Rd2 a6 18. cxd5 cxd5 19. e5 Qe7 20. Qb3 b5 21. Na4 Rdb8 22. Nb6 Ra7 23. Rdc2 Ne8 24. a4 h6 25. a5 f6 26. f4 f5 27. Bf3 g6 28. Kh1 Kh7 29. Rc5 Kg8 30. Qd3 Qf7 31. Qb3 Qe7 32. R1c3 Rd8 33. Qc2 Qf8 34. g4 Ba8 35. gxf5 gxf5 36. Bh5 Ng7 37. Bg6 b4 38. Rh3 Ne8 39. Qg2 Kh8 40. Qg5 Qg7 41. Qxd8 Qxg6 42. Rc8 Bc6 43. Rxc6 Rg7 44. Rg3 Qh5 45. Qxe8+ Qxe8 46. Rc8 Qxc8 47. Nxc8 Rc7 48. Nd6 Rc1+ 49. Rg1 Rc2 50. Ne8 h5 51. Nf6 Rc8 52. Rg6 h4 53. Kg2 b3 54. Kh3 Rb8 55. Kxh4 Rc8 56. Kh5 Rd8 57. Kh6 Rf8 58. Rg7 Rxf6+ 59. exf6 1-0

[Event "Wch U20 53rd"]
[Site "Pune"]
[Date "2014.10.06"]
[Round "1"]
[White "Aravindh, Chithambaram VR"]
[Black "Mohammad, Ashraf"]
[Result "1-0"]
[WhiteElo "2475"]
[BlackElo "2132"]
[PlyCount "79"]
[EventDate "2014.10.06"]
[EventType "swiss"]
[EventRounds "13"]
[EventCountry "IND"]
[SourceTitle "EXT 2015"]
[Source "ChessBase"]
[SourceDate "2014.11.20"]
[SourceVersion "1"]
[SourceVersionDate "2014.11.20"]
[SourceQuality "1"]

1. b3 e5 2. Bb2 Nc6 3. e3 a6 4. c4 Nf6 5. a3 d5 6. cxd5 Nxd5 7. Qc2 Be7 8. Nf3 Bf6 9. d3 0-0 10. Nbd2 g6 11. Be2 Bg7 12. b4 Re8 13. 0-0 g5 14. Nb3 g4 15. Nfd2 Qh4 16. g3 Qh6 17. Rfe1 f5 18. Bf1 Nde7 19. a4 Be6 20. b5 Nb4 21. Qc5 Nbd5 22. e4 b6 23. Qc1 Nb4 24. bxa6 f4 25. d4 fxg3 26. hxg3 Rf8 27. Nc4 Rxf2 28. Qxh6 Rxf1+ 29. Rxf1 Bxh6 30. d5 Nexd5 31. exd5 Bxd5 32. Nbd2 Nd3 33. Bc3 Bf8 34. Nxe5 Bc5+ 35. Kh2 Nxe5 36. Bxe5 Rxa6 37. Rf5 Be3 38. Raf1 h6 39. Bf4 Bxd2 40. Rxd5 1-0

[Event "IND-ch U19 44th"]
[Site "Mumbai"]
[Date "2014.07.14"]
[Round "7"]
[White "Mohammad, Ashraf"]
[Black "Sai Agni, Jeevitesh J"]
[Result "1/2-1/2"]
[WhiteElo "2117"]
[BlackElo "2055"]
[PlyCount "97"]
[EventDate "2014.07.10"]
[EventType "swiss"]
[EventRounds "11"]
[EventCountry "IND"]
[SourceTitle "EXT 2016"]
[Source "ChessBase"]
[SourceDate "2015.10.08"]
[SourceVersion "1"]
[SourceVersionDate "2015.10.08"]
[SourceQuality "1"]

1. e4 e6 2. d4 d5 3. Nc3 Nf6 4. exd5 exd5 5. Bd3 Bd6 6. Bg5 c6 7. Qd2 0-0 8. 0-0-0 Nbd7 9. Nge2 Qa5 10. Kb1 b6 11. Ng3 Bb4 12. Nf5 Ne4 13. Bxe4 dxe4 14. g4 f6 15. Bf4 Ba6 16. Nd6 Bxd6 17. Bxd6 Rfe8 18. b3 Re6 19. Bf4 Bb7 20. Rhe1 Rae8 21. Re3 Nf8 22. Rde1 Ng6 23. Rxe4 Bc8 24. Rxe6 Rxe6 25. Bg3 Rxe1+ 26. Qxe1 Kf7 27. f3 h5 28. gxh5 Qxh5 29. Qe4 Bd7 30. Qe2 b5 31. a4 a6 32. Bd6 Be6 33. a5 Nh4 34. Ne4 Qxf3 35. Qxf3 Nxf3 36. Nc5 Bc8 37. c3 Ng5 38. Kb2 Ne6 39. Nd3 Ng5 40. c4 Ke6 41. Bc7 Kf5 42. Kc3 Ne6 43. Bb6 Ke4 44. Nf2+ Kf5 45. d5 cxd5 46. cxd5 Nf4 47. Kd4 Bb7 48. Ne4 Bxd5 49. Nc5 1/2-1/2

[Event "IND-ch U19 44th"]
[Site "Mumbai"]
[Date "2014.07.13"]
[Round "6"]
[White "Akash, G."]
[Black "Mohammad, Ashraf"]
[Result "1-0"]
[WhiteElo "2352"]
[BlackElo "2117"]
[PlyCount "31"]
[EventDate "2014.07.10"]
[EventType "swiss"]
[EventRounds "11"]
[EventCountry "IND"]
[SourceTitle "EXT 2016"]
[Source "ChessBase"]
[SourceDate "2015.10.08"]
[SourceVersion "1"]
[SourceVersionDate "2015.10.08"]
[SourceQuality "1"]

1. e4 d5 2. exd5 Nf6 3. d4 Bg4 4. Be2 Bxe2 5. Qxe2 Qxd5 6. Nf3 e6 7. 0-0 Nc6 8. Rd1 0-0-0 9. c4 Qh5 10. Nc3 Rg8 11. d5 exd5 12. cxd5 Nb4 13. Qc4 g5 14. Nb5 Nfxd5 15. Be3 g4 16. Qxc7+ 1-0

[Event "IND-ch U19 44th"]
[Site "Mumbai"]
[Date "2014.07.12"]
[Round "4"]
[White "Fenil, Shah"]
[Black "Mohammad, Ashraf"]
[Result "1-0"]
[WhiteElo "2262"]
[BlackElo "2117"]
[PlyCount "69"]
[EventDate "2014.07.10"]
[EventType "swiss"]
[EventRounds "11"]
[EventCountry "IND"]
[SourceTitle "EXT 2016"]
[Source "ChessBase"]
[SourceDate "2015.10.08"]
[SourceVersion "1"]
[SourceVersionDate "2015.10.08"]
[SourceQuality "1"]

1. e4 d5 2. exd5 Qxd5 3. Nc3 Qd6 4. d4 Nf6 5. Nf3 a6 6. g3 b5 7. Bg2 Bb7 8. 0-0 e6 9. Ne5 Bxg2 10. Kxg2 Nbd7 11. Qf3 Rc8 12. Bf4 Qxd4 13. Rad1 Qb6 14. Nxf7 Kxf7 15. Rxd7+ Ke8 16. Be3 c5 17. Rb7 Qc6 18. Qxc6+ Rxc6 19. Rd1 h6 20. Bf4 Rg8 21. Be5 Ng4 22. Rb8+ Ke7 23. Bf4 g5 24. Rb7+ Ke8 25. Bc7 Kf7 26. Ne4 Kg6 27. Rd8 Rg7 28. Rxf8 Rgxc7 29. Rxc7 Rxc7 30. h3 Kg7 31. Re8 Nf6 32. Nd6 Rc6 33. Rxe6 Kg6 34. f4 gxf4 35. gxf4 1-0

[Event "IND-ch U19 44th"]
[Site "Mumbai"]
[Date "2014.07.11"]
[Round "3"]
[White "Mohammad, Ashraf"]
[Black "Visakh, Narayanan Rajeswari"]
[Result "1-0"]
[WhiteElo "2117"]
[BlackElo "2332"]
[PlyCount "103"]
[EventDate "2014.07.10"]
[EventType "swiss"]
[EventRounds "11"]
[EventCountry "IND"]
[SourceTitle "EXT 2016"]
[Source "ChessBase"]
[SourceDate "2015.10.08"]
[SourceVersion "1"]
[SourceVersionDate "2015.10.08"]
[SourceQuality "1"]

1. e4 c5 2. Ne2 d6 3. g3 Nf6 4. Bg2 Nc6 5. 0-0 Bg4 6. h3 Bxe2 7. Qxe2 e6 8. c3 Be7 9. Rd1 Rc8 10. Na3 d5 11. d3 0-0 12. e5 Nd7 13. d4 cxd4 14. cxd4 Qb6 15. Be3 Na5 16. Bf1 a6 17. Rac1 Qb4 18. Nb1 Nc4 19. b3 Nxe3 20. Qxe3 Qa5 21. Qe2 Ba3 22. Nxa3 Qxa3 23. Qd2 Nb6 24. Bd3 a5 25. h4 Qb4 26. Qxb4 axb4 27. Rxc8 Rxc8 28. Kf1 Kf8 29. Ke2 Nd7 30. h5 h6 31. g4 Ke7 32. Ke3 f6 33. f4 Nb8 34. exf6+ gxf6 35. g5 fxg5 36. fxg5 hxg5 37. Rg1 Kf6 38. h6 Rh8 39. Rf1+ Ke7 40. h7 Nd7 41. Rc1 Kd6 42. Rg1 e5 43. Bf5 exd4+ 44. Kxd4 Ne5 45. Rh1 Nf3+ 46. Ke3 Ke5 47. Bb1 Nh4 48. Rf1 g4 49. Rf7 g3 50. Ke2 g2 51. Kf2 Ke6 52. Rf4 1-0

[Event "IND-ch U19 43rd"]
[Site "Lucknow"]
[Date "2013.07.11"]
[Round "3"]
[White "Mohammad, Ashraf"]
[Black "Aravindh, Chithambaram VR"]
[Result "0-1"]
[WhiteElo "2155"]
[BlackElo "2306"]
[PlyCount "90"]
[EventDate "2013.07.10"]
[EventType "swiss"]
[EventRounds "11"]
[EventCountry "IND"]
[SourceTitle "CBM 155 Extra"]
[Source "ChessBase"]
[SourceDate "2013.08.26"]
[SourceVersion "1"]
[SourceVersionDate "2013.08.26"]
[SourceQuality "1"]

1. d4 Nf6 2. c4 e6 3. g3 d5 4. Nf3 Bb4+ 5. Bd2 Be7 6. Bg2 0-0 7. Qc2 c6 8. 0-0 Nbd7 9. Bf4 Nh5 10. Bc1 f5 11. b3 Bd6 12. Ba3 Qe7 13. Qb2 b6 14. Bxd6 Qxd6 15. Nbd2 Bb7 16. Rac1 Nhf6 17. Ne5 Rac8 18. b4 Qe7 19. Ndf3 Rc7 20. Rfd1 Rfc8 21. c5 Ba6 22. Qc2 Nxe5 23. Nxe5 Nd7 24. e3 Nxe5 25. dxe5 Bc4 26. Bf1 b5 27. a4 a5 28. Qc3 Ra8 29. Ra1 Bxf1 30. Rxf1 axb4 31. Qxb4 Rca7 32. a5 Qc7 33. Ra3 Rxa5 34. Rfa1 Rxa3 35. Rxa3 Qb8 36. Ra5 Qd8 37. Ra3 h6 38. Kf1 Kh7 39. Ke1 Qb8 40. Rxa8 Qxa8 41. f4 Qa1+ 42. Kd2 Qa2+ 43. Kc3 Qxh2 44. Qa5 Qxg3 45. Kd4 Qg2 0-1

[Event "Bhubaneswar op 3rd"]
[Site "Bhubaneswar"]
[Date "2011.06.04"]
[Round "9"]
[White "Ashwin, Jayaram"]
[Black "Mohammad, Ashraf"]
[Result "1-0"]
[WhiteElo "2439"]
[BlackElo "2128"]
[PlyCount "51"]
[EventDate "2011.05.28"]
[EventType "swiss"]
[EventRounds "11"]
[EventCountry "IND"]
[SourceTitle "CBM 142 Extra"]
[Source "ChessBase"]
[SourceDate "2011.06.27"]
[SourceVersion "1"]
[SourceVersionDate "2011.06.27"]
[SourceQuality "1"]

1. d4 d5 2. c4 c6 3. Nf3 Nf6 4. Nc3 e6 5. g3 Nbd7 6. Bg2 dxc4 7. 0-0 Be7 8. e4 0-0 9. Bf4 Qa5 10. a4 Nb6 11. Qe2 Bd7 12. Ne5 Rfd8 13. Rfd1 Be8 14. Nxc4 Nxc4 15. Qxc4 Rac8 16. h4 Rd7 17. e5 Nh5 18. Bg5 g6 19. Bxe7 Rxe7 20. Ne4 Rd8 21. Bf3 f5 22. exf6 Red7 23. Nc5 Bf7 24. Bxh5 e5 25. Qc3 Qc7 26. Nxd7 1-0

[Event "Bhubaneswar op 3rd"]
[Site "Bhubaneswar"]
[Date "2011.05.30"]
[Round "4"]
[White "Swapnil, S Dhopade"]
[Black "Mohammad, Ashraf"]
[Result "1/2-1/2"]
[WhiteElo "2425"]
[BlackElo "2128"]
[PlyCount "121"]
[EventDate "2011.05.28"]
[EventType "swiss"]
[EventRounds "11"]
[EventCountry "IND"]
[SourceTitle "CBM 142 Extra"]
[Source "ChessBase"]
[SourceDate "2011.06.27"]
[SourceVersion "1"]
[SourceVersionDate "2011.06.27"]
[SourceQuality "1"]

1. d4 d5 2. c4 c6 3. Nc3 Nf6 4. e3 e6 5. Nf3 Nbd7 6. Qc2 b6 7. Bd3 Bb7 8. 0-0 Bd6 9. e4 dxe4 10. Nxe4 Nxe4 11. Bxe4 h6 12. b3 Qe7 13. Bb2 Nf6 14. Bd3 0-0 15. Rad1 c5 16. d5 exd5 17. Rfe1 Qd8 18. cxd5 a6 19. Qd2 Nd7 20. Bb1 Re8 21. Rxe8+ Qxe8 22. Re1 Qd8 23. Qc3 f6 24. Qd3 Nf8 25. Nh4 Qd7 26. Nf5 Rd8 27. Qf3 Qf7 28. Nxh6+ gxh6 29. Bxf6 Re8 30. Rxe8 Qxe8 31. Qg4+ Ng6 32. Qxg6+ Qxg6 33. Bxg6 Bxd5 34. Bc3 b5 35. Bd3 b4 36. Bb2 a5 37. Bb5 Be4 38. Bc4+ Kf8 39. f3 Bb1 40. a4 bxa3 41. Bxa3 Ba2 42. Kf2 a4 43. g3 Bxb3 44. Bxb3 axb3 45. Ke2 Ke7 46. Kd3 c4+ 47. Kxc4 Bxa3 48. Kxb3 Bc5 49. Kc4 Bg1 50. Kd3 Bxh2 51. g4 Kf6 52. Ke2 Kg5 53. Kf2 Bc7 54. Kg2 Bf4 55. Kh3 Bc7 56. Kg2 Kh4 57. Kh1 Kg3 58. f4 Bxf4 59. Kg1 Be3+ 60. Kh1 Bd4 61. g5 1/2-1/2

[Event "IND-ch U15"]
[Site "New Delhi"]
[Date "2010.09.06"]
[Round "4"]
[White "Mohammad, Ashraf"]
[Black "Viani, Antonio Dcunha"]
[Result "0-1"]
[WhiteElo "2109"]
[BlackElo "2222"]
[PlyCount "122"]
[EventDate "2010.09.04"]
[EventType "swiss"]
[EventRounds "11"]
[EventCountry "IND"]
[SourceTitle "CBM 138 Extra"]
[Source "ChessBase"]
[SourceDate "2010.10.29"]
[SourceVersion "1"]
[SourceVersionDate "2010.10.29"]
[SourceQuality "1"]

1. e4 c5 2. c3 d5 3. exd5 Qxd5 4. d4 Nf6 5. Nf3 Bg4 6. dxc5 Qxc5 7. Be3 Qc8 8. h3 Bd7 9. Ne5 e6 10. Bc4 Bc5 11. Qe2 Bxe3 12. Qxe3 0-0 13. Nd2 Nc6 14. Nxd7 Qxd7 15. 0-0 a6 16. Rad1 Rfd8 17. Rfe1 Rac8 18. Bb3 Qc7 19. Ne4 Nxe4 20. Qxe4 g6 21. Bc4 Rd6 22. Rxd6 Qxd6 23. Bb3 Rc7 24. Rd1 Qe5 25. Qxe5 Nxe5 26. Kf1 Kf8 27. Ke2 Ke7 28. a4 a5 29. Bc2 Nc4 30. b3 Ne5 31. Kd2 Rd7+ 32. Kc1 Rxd1+ 33. Bxd1 g5 34. Kd2 Kd6 35. Ke3 f6 36. Kd4 b6 37. Bh5 f5 38. Be8 g4 39. h4 g3 40. fxg3 Ng4 41. Bh5 e5+ 42. Kd3 Nf6 43. Be2 Kc5 44. g4 fxg4 45. g3 h5 46. Bf1 e4+ 47. Ke3 Nd5+ 48. Kxe4 Nxc3+ 49. Kf5 Kb4 50. Bc4 Nxa4 51. Kg5 Nc5 52. Kxh5 Nxb3 53. Bd3 Nd2 54. Bc2 b5 55. Bf5 a4 56. Be6 Nc4 57. Bf5 a3 58. Bb1 Kb3 59. Kg5 Kb2 60. Ba2 Kxa2 61. h5 Kb1 0-1